Meilleurs Buteurs de Premier League depuis 2010 - Football - Statistiques

Statistiques générales
  • Ce quiz a été pris 325 fois
  • Le résultat moyen est 14 sur 20
Statistiques - réponses
Buts Nationalité Joueur % Correct
186 Égypte Mohamed Salah
100%
127 Corée du Sud Heung-min Son
99%
213 Angleterre Harry Kane
98%
111 Sénégal Sadio Mané
96%
85 Norvège Erling Haaland
92%
121 Belgique Romelu Lukaku
92%
184 Argentine Sergio Agüero
92%
85 Belgique Eden Hazard
85%
82 Algérie Riyad Mahrez
80%
96 Pays-Bas Robin Van Persie
74%
102 Angleterre Wayne Rooney
74%
90 France Olivier Giroud
72%
145 Angleterre Jamie Vardy
62%
82 Brésil Roberto Firmino
61%
123 Angleterre Raheem Sterling
58%
76 Brésil Gabriel Jesus
52%
89 Nouvelle-Zélande Chris Wood
48%
89 Angleterre Marcus Rashford
38%
86 Belgique Christian Benteke
22%
88 Angleterre Callum Wilson
12%
Aucun quiz correspondant
Distribution des résultats
% des personnes avec chaque résultat
Percentile par nombre de réponses
Votre historique - résultats
Vous n’avez pas pris ce quiz